Responses for show #1744 - Thursday, March 12, 1992

Contestants

Gail Greene, a book editor from New York City, New York

Matt DiBiase, an archive technician from Delran, New Jersey

Al Levy, an engineer originally from Brooklyn, New York (whose 1-day cash winnings total $10,201)

Jeopardy! Round responses

1892
HERBS & SPICES
FAMOUS ALS
MIAMI
CARS
MOOSE POTPOURRI
    $100 6
Abraham Lincoln

Al
    $100 9
paprika

Gail
    $100 1
Al Pacino

Al
    $100 16
Miami Dolphins

Matt
    $100 21
antlers

Gail
    $200 7
Walt Whitman

Al
    $200 10
dill

Al
    $200 2
Al Capone

Gail
    $200 17
Dade County

Al
    $200 22
(Matt: Who are "Bullwinkle & Rocky?")
(Al: Who is "Rocky?")

Captain Kangaroo

AlMatt
Triple Stumper
    $300 8
boll weevil

Gail
    $300 13
sage

Gail
    $300 3
Al Smith

Al
    $300 18
(Alex: As we have a 3-way tie for the lead.)

Lake Okeechobee

Matt
    $300 28
[end-of-round signal sounds]

Cutlass

Al
    $300 23
(Alex: Less than a minute to go.)

Alaska

Triple Stumper
    $400 11
(Al: Who was Picasso?)

Francisco Franco

AlMatt
    $400 14
mace

Triple Stumper
    $400 4
Al Sharpton

Matt
    $400 19
(Matt: What is the Bay of Biscayne?)

Biscayne Bay

Matt
    $400 27
Horizon

Al
    $400 24
Bullwinkle

Triple Stumper
    $500 12
bicycle riding

Gail
    $300 15
tarragon

Gail
    $500 5
(Gail: I'm sorry.)

Al Jolson

AlGail
    $500 20
the Seminole War

Matt
    $500 26
Swift

Triple Stumper
    $500 25
Moose Jaw

Al

Scores at the first commercial break (after clue 15):

Al Matt Gail
$1,000 $800 $1,200

Scores at the end of the Jeopardy! Round:

Al Matt Gail
$2,200 $1,900 $1,300

Double Jeopardy! Round responses

POLITICIANS
BIOLOGY
ANDREW CARNEGIE
LITERATURE
COUNTRIES OF THE WORLD
NOTORIOUS
    $200 9
Sam Houston

Al
    $200 13
chromosomes

Matt
    $200 21
organs

Al
    $200 1
Lilliputians

Al
    $200 4
Monaco

Al
    $200 16
Alcatraz

Matt
    $400 10
Henry Jackson

Al
    $400 15
stomach

Matt
    $400 24
libraries

Matt
    $400 2
Robert Louis Stevenson

Al
    $400 5
Kuwait

Al
    $400 17
the "Mona Lisa"

Matt
    $1,500 11
John Mitchell

Al
    $600 22
tympanic membrane

Al
    $600 25
dinosaur

Matt
    $600 3
Porgy

Triple Stumper
    $600 6
Colombia

Matt
    $600 18
Aimee Semple McPherson

Matt
    $800 12
Patricia Schroeder

Gail
    $800 23
(Gail: What is neonatology?)

embryology

MattGail
    $800 26
Mellon

Al
    $800 28
Henry James

Triple Stumper
    $800 7
Morocco

Matt
    $800 19
Lufthansa

Gail
    $1000 14
Robert Taft

Al
    $1000 27
duodenum

Triple Stumper
    $1000 30
(Gail: What are coal miners?)

teachers

Gail
Triple Stumper
    $1000 29
John Bunyan

Al
    $700 8
(Matt: What is Burma?)

Indonesia

Matt
    $1000 20
Israel

Matt

Scores at the end of the Double Jeopardy! Round:

Al Matt Gail
$9,100 $7,200 $1,100

[wagering suggestions for these scores]

Final Jeopardy! Round responses

FAMOUS NAMES
GailWho was Lafayette
$1,000
MattWho is Lafayette?
$7,200
AlWho was Lafayette?
$5,301
Marquis de Lafayette

Final scores:

Al Matt Gail
$14,401 $14,400 $2,100
2-day champion: $24,602 2nd place: Trip to Calgary, Canada 3rd place: Cazal sunglasses & sport systems

Game dynamics:

Coryat scores:

Al Matt Gail
$8,200 $7,900 $1,300
22 R
(including 1 DD),
2 W
17 R,
2 W
(including 1 DD)
9 R
(including 1 DD),
3 W

Combined Coryat: $17,400

The J! Archive is created by fans, for fans. The Jeopardy! game show and all elements thereof, including but not limited to copyright and trademark thereto, are the property of Jeopardy Productions, Inc. and are protected under law. This website is not affiliated with, sponsored by, or operated by Jeopardy Productions, Inc. Join the discussion at JBoard.tv.